[Event "Budapest Nyar-B"]
[Site "Budapest"]
[Date "1998.??.??"]
[Round "5"]
[White "Feher, Gyula"]
[Black "Prelevic, Mirko"]
[Result "1-0"]
[WhiteElo "2445"]
[BlackElo "2155"]
[PlyCount "45"]
[EventDate "1998.??.??"]
[EventType "tourn"]
[EventRounds "9"]
[EventCountry "HUN"]
[EventCategory "3"]
[SourceTitle "EXT 2000"]
[Source "ChessBase"]
[SourceDate "1999.11.16"]
[SourceVersion "1"]
[SourceVersionDate "1999.11.16"]
[SourceQuality "1"]

1. e4 e5 2. Nf3 Nc6 3. Bb5 a6 4. Ba4 Nf6 5. 0-0 Be7 6. Re1 d6 7. c3 Bg4 8. d3 Nd7 9. Be3 0-0 10. Nbd2 Re8 11. h3 Bxf3 12. Nxf3 Nf8 13. d4 exd4 14. Nxd4 Qd7 15. Nxc6 bxc6 16. Qd3 Ne6 17. Rad1 Nd8 18. e5 Qc8 19. exd6 Bxd6 20. Bf4 Nb7 21. Bxc6 Rxe1+ 22. Rxe1 Bxf4 23. Qf3 1-0

[Event "Gyongyos Matra Cup"]
[Site "Gyongyos"]
[Date "1998.??.??"]
[Round "4"]
[White "Krutti, Valer"]
[Black "Prelevic, Mirko"]
[Result "1-0"]
[WhiteElo "2360"]
[BlackElo "2155"]
[PlyCount "75"]
[EventDate "1998.??.??"]
[EventType "swiss"]
[EventRounds "9"]
[EventCountry "HUN"]
[SourceTitle "EXT 2000"]
[Source "ChessBase"]
[SourceDate "1999.11.16"]
[SourceVersion "1"]
[SourceVersionDate "1999.11.16"]
[SourceQuality "1"]

1. c4 e6 2. d4 d5 3. Nf3 Nf6 4. Nc3 Be7 5. Qc2 0-0 6. Bg5 Nbd7 7. cxd5 exd5 8. e3 c6 9. Bd3 Re8 10. 0-0 Nf8 11. Rab1 Bd6 12. Rfc1 Bg4 13. Nd2 Bh5 14. Nf1 Bg6 15. Na4 Bxd3 16. Qxd3 a6 17. b4 Ng6 18. Nc5 Ra7 19. Qf5 Be7 20. a4 b5 21. Ra1 Nd7 22. Nxd7 Rxd7 23. Bxe7 Nxe7 24. Qh3 Rb7 25. axb5 axb5 26. Ra5 Qd6 27. Rc5 Qg6 28. Ra1 Qd3 29. Ng3 g6 30. Qg4 Rc8 31. h4 Nf5 32. Rd1 Qb3 33. Nxf5 h5 34. Nh6+ Kg7 35. Qxc8 Qxd1+ 36. Kh2 Ra7 37. Qg8+ Kf6 38. Rxc6+ 1-0

[Event "Gyongyos Matra Cup"]
[Site "Gyongyos"]
[Date "1998.??.??"]
[Round "5"]
[White "Prelevic, Mirko"]
[Black "Hidegh, Gabor"]
[Result "1-0"]
[WhiteElo "2155"]
[BlackElo "2075"]
[PlyCount "45"]
[EventDate "1998.??.??"]
[EventType "swiss"]
[EventRounds "9"]
[EventCountry "HUN"]
[SourceTitle "EXT 2000"]
[Source "ChessBase"]
[SourceDate "1999.11.16"]
[SourceVersion "1"]
[SourceVersionDate "1999.11.16"]
[SourceQuality "1"]

1. e4 c5 2. Nf3 Nc6 3. c3 d5 4. exd5 Qxd5 5. d4 Bg4 6. Be2 cxd4 7. cxd4 e6 8. Nc3 Bb4 9. 0-0 Qh5 10. Qb3 Nf6 11. h3 Bxf3 12. Bxf3 Nxd4 13. Qa4+ b5 14. Qxb4 Nxf3+ 15. gxf3 Qxh3 16. Nxb5 Rb8 17. Bf4 Rb6 18. Rfd1 Nd5 19. Rxd5 exd5 20. Re1+ Re6 21. Rxe6+ fxe6 22. Nd6+ Ke7 23. Qb7+ 1-0

[Event "Gyongyos Matra Cup"]
[Site "Gyongyos"]
[Date "1998.??.??"]
[Round "1"]
[White "Prelevic, Mirko"]
[Black "Szucs, Imre"]
[Result "1-0"]
[WhiteElo "2155"]
[BlackElo "2015"]
[PlyCount "69"]
[EventDate "1998.??.??"]
[EventType "swiss"]
[EventRounds "9"]
[EventCountry "HUN"]
[SourceTitle "EXT 2000"]
[Source "ChessBase"]
[SourceDate "1999.11.16"]
[SourceVersion "1"]
[SourceVersionDate "1999.11.16"]
[SourceQuality "1"]

1. e4 Nf6 2. e5 Nd5 3. d4 d6 4. c4 Nb6 5. exd6 cxd6 6. Nc3 g6 7. a4 Bg7 8. a5 N6d7 9. Ra3 Nc6 10. d5 Nxa5 11. b4 Nxc4 12. Bxc4 0-0 13. Be3 Qc7 14. Qb3 Ne5 15. Be2 Bf5 16. Nb5 Qb8 17. Bxa7 Rxa7 18. Nxa7 Qc7 19. Nb5 Qc1+ 20. Qd1 Qg5 21. Rg3 Qh4 22. Nd4 Be4 23. Nh3 Bxd5 24. Nc2 Bxg2 25. Rxg2 Qxh3 26. 0-0 Rc8 27. f4 Rxc2 28. Qxc2 Qe3+ 29. Kh1 Nc6 30. b5 Nd4 31. Qc8+ Bf8 32. Bc4 Qe4 33. f5 Nf3 34. fxg6 hxg6 35. Rg4 1-0

[Event "Gyongyos Matra Cup"]
[Site "Gyongyos"]
[Date "1998.??.??"]
[Round "7"]
[White "Szabo, Ervin"]
[Black "Prelevic, Mirko"]
[Result "0-1"]
[WhiteElo "2180"]
[BlackElo "2155"]
[PlyCount "44"]
[EventDate "1998.??.??"]
[EventType "swiss"]
[EventRounds "9"]
[EventCountry "HUN"]
[SourceTitle "EXT 2000"]
[Source "ChessBase"]
[SourceDate "1999.11.16"]
[SourceVersion "1"]
[SourceVersionDate "1999.11.16"]
[SourceQuality "1"]

1. d4 d5 2. e3 Nf6 3. Bd3 e6 4. Nd2 Nbd7 5. f4 b6 6. Nh3 Bd6 7. 0-0 Bb7 8. Qf3 Qc8 9. g4 h5 10. g5 Ng4 11. Nf2 Nxf2 12. Rxf2 c5 13. c3 Qc7 14. a4 0-0-0 15. b4 cxb4 16. cxb4 Qc3 17. Ne4 dxe4 18. Bxe4 Bxe4 19. Qxe4 Qxa1 20. Qc6+ Kb8 21. Qxd6+ Kb7 22. Rc2 Nc5 0-1

[Event "Eger Agria op"]
[Site "Eger"]
[Date "1997.??.??"]
[Round "4"]
[White "Prelevic, Mirko"]
[Black "Heimberger, Reinhard"]
[Result "1/2-1/2"]
[WhiteElo "2130"]
[BlackElo "2270"]
[PlyCount "58"]
[EventDate "1997.07.??"]
[EventType "swiss"]
[EventRounds "9"]
[EventCountry "HUN"]
[SourceTitle "EXT 2001"]
[Source "ChessBase"]
[SourceDate "2000.11.22"]
[SourceVersion "1"]
[SourceVersionDate "2000.11.22"]
[SourceQuality "1"]

1. e4 c5 2. Nf3 e6 3. c3 Nf6 4. e5 Nd5 5. Bc4 d6 6. d4 cxd4 7. cxd4 Nc6 8. 0-0 Be7 9. Qe2 0-0 10. Nc3 Nxc3 11. bxc3 b6 12. Bd3 Bb7 13. Qe4 g6 14. Bh6 Re8 15. Rad1 Na5 16. Qf4 Bxf3 17. Qxf3 Qc7 18. exd6 Bxd6 19. Qf6 Bf8 20. Bxf8 Rxf8 21. Be4 Rac8 22. Rd3 Qd8 23. Qf4 f5 24. Bf3 Nc4 25. Be2 Qd6 26. Qh6 Rf7 27. h4 Qf8 28. Qf4 Qd6 29. Qh6 Qf8 1/2-1/2

[Event "Gyor Matrai Nyar op"]
[Site "Gyor"]
[Date "1997.??.??"]
[Round "6"]
[White "Prelevic, Mirko"]
[Black "Szekeres, Sandor"]
[Result "0-1"]
[WhiteElo "2130"]
[BlackElo "2225"]
[PlyCount "56"]
[EventDate "1997.??.??"]
[EventType "swiss"]
[EventRounds "9"]
[EventCountry "HUN"]
[SourceTitle "EXT 2001"]
[Source "ChessBase"]
[SourceDate "2000.11.22"]
[SourceVersion "1"]
[SourceVersionDate "2000.11.22"]
[SourceQuality "1"]

1. e4 c5 2. Nf3 Nc6 3. c3 d5 4. exd5 Qxd5 5. d4 Nf6 6. Be3 cxd4 7. cxd4 Bg4 8. Be2 e6 9. 0-0 Be7 10. h3 Bh5 11. Nc3 Qd6 12. Qb3 0-0 13. Rfd1 Nb4 14. a3 Nbd5 15. Ne5 Nxc3 16. Bxh5 Nxd1 17. Bxd1 Nd5 18. Bf3 b6 19. Qa4 Rac8 20. Qxa7 Nxe3 21. fxe3 Bg5 22. Re1 Rc1 23. Rxc1 Bxe3+ 24. Kf1 Bxc1 25. Qd7 Qxd7 26. Nxd7 Rd8 27. Nxb6 Bxb2 28. d5 Bd4 0-1

[Event "Eger Agria op"]
[Site "Eger"]
[Date "1997.??.??"]
[Round "5"]
[White "Sziraki, Tamas"]
[Black "Prelevic, Mirko"]
[Result "1/2-1/2"]
[WhiteElo "2315"]
[BlackElo "2130"]
[PlyCount "120"]
[EventDate "1997.07.??"]
[EventType "swiss"]
[EventRounds "9"]
[EventCountry "HUN"]
[SourceTitle "EXT 2001"]
[Source "ChessBase"]
[SourceDate "2000.11.22"]
[SourceVersion "1"]
[SourceVersionDate "2000.11.22"]
[SourceQuality "1"]

1. e4 e5 2. Nf3 Nc6 3. Bb5 a6 4. Ba4 Nf6 5. 0-0 Be7 6. Re1 d6 7. c3 Bg4 8. d3 Nd7 9. Nbd2 Nc5 10. Bc2 Ne6 11. h3 Bh5 12. Nf1 Ng5 13. Bxg5 Bxg5 14. Ng3 Bxf3 15. Qxf3 g6 16. Rad1 Qf6 17. Qe2 0-0 18. Nf1 Qg7 19. Qg4 h6 20. Ne3 Kh8 21. Ba4 Nd8 22. Bb3 f5 23. exf5 Bxe3 24. Rxe3 Rxf5 25. Rf3 Rxf3 26. Qxf3 Nc6 27. Bd5 Rf8 28. Qg3 Nd8 29. d4 Rf5 30. Re1 c6 31. Bb3 Kh7 32. a4 a5 33. Re4 Qf6 34. Qe3 h5 35. dxe5 Rxe5 36. Rxe5 Qxe5 37. Qb6 Qe1+ 38. Kh2 Qd2 39. Kg3 Qg5+ 40. Kf3 Kh6 41. Qd4 Qf5+ 42. Kg3 Qg5+ 43. Kh2 Qe5+ 44. Qxe5 dxe5 45. h4 Kg7 46. Kg3 Kf6 47. Kf3 b6 48. Bc2 Nf7 49. Be4 c5 50. Bd5 Nd6 51. g3 Kf5 52. Ke3 Kf6 53. f4 exf4+ 54. Kxf4 Nf5 55. Be4 Nd6 56. Bd3 Nc8 57. Be4 Ne7 58. c4 Nc8 59. Bc2 Nd6 60. Bd3 Nc8 1/2-1/2

[Event "Gyongyos op"]
[Site "Gyongyos"]
[Date "1996.??.??"]
[Round "?"]
[White "Krivolapov, Konstantin"]
[Black "Prelevic, Mirko"]
[Result "1-0"]
[WhiteElo "2325"]
[BlackElo "2080"]
[PlyCount "67"]
[EventDate "1996.07.??"]
[EventType "swiss"]
[EventRounds "9"]
[EventCountry "HUN"]
[SourceTitle "EXT 2004"]
[Source "ChessBase"]
[SourceDate "2003.11.25"]
[SourceVersion "1"]
[SourceVersionDate "2003.11.25"]
[SourceQuality "1"]

1. e4 e5 2. Nc3 Nf6 3. g3 d5 4. exd5 Nxd5 5. Bg2 Nxc3 6. bxc3 Bc5 7. Ne2 Nc6 8. Rb1 0-0 9. 0-0 f5 10. d4 Bd6 11. c4 exd4 12. Nxd4 Nxd4 13. Qxd4 Kh8 14. Bb2 Qf6 15. Rfe1 Qxd4 16. Bxd4 Rd8 17. Rbd1 Kg8 18. Bd5+ Kf8 19. c5 c6 20. Bf3 Bc7 21. Bxg7+ Kxg7 22. Re7+ Kg6 23. Rxc7 Rxd1+ 24. Bxd1 Be6 25. Rxb7 Bxa2 26. Rc7 Bd5 27. c4 Bxc4 28. Rxc6+ Kg7 29. Rc7+ Kg6 30. Ba4 Rb8 31. Rxa7 Rb1+ 32. Kg2 Bd5+ 33. Kh3 f4 34. Bc2+ 1-0

[Event "Eger Agria op"]
[Site "Eger"]
[Date "1996.??.??"]
[Round "2"]
[White "Malykin, Vitaly"]
[Black "Prelevic, Mirko"]
[Result "1-0"]
[WhiteElo "2265"]
[BlackElo "2080"]
[PlyCount "53"]
[EventDate "1996.07.??"]
[EventType "swiss"]
[EventRounds "9"]
[EventCountry "HUN"]
[SourceTitle "EXT 2004"]
[Source "ChessBase"]
[SourceDate "2003.11.25"]
[SourceVersion "1"]
[SourceVersionDate "2003.11.25"]
[SourceQuality "1"]

1. e4 e5 2. Nf3 Nc6 3. Nc3 Nf6 4. g3 d5 5. exd5 Nxd5 6. Bg2 Nxc3 7. bxc3 Bc5 8. 0-0 0-0 9. d3 Re8 10. Bb2 Bg4 11. h3 Bh5 12. Re1 Qd6 13. g4 Bg6 14. Nd2 Na5 15. Qe2 Ba3 16. Bxa3 Qxa3 17. Nb3 Rab8 18. d4 f6 19. Qb5 Nxb3 20. axb3 Qb2 21. Qc4+ Kh8 22. Rxa7 c6 23. dxe5 Bxc2 24. Qb4 c5 25. Qxc5 Qxb3 26. Re3 Qb1+ 27. Kh2 1-0

[Event "YUG-ch sf"]
[Site "Niska Banja"]
[Date "1996.??.??"]
[Round "10"]
[White "Prelevic, Mirko"]
[Black "Djoric, Vojislav"]
[Result "1-0"]
[WhiteElo "2080"]
[BlackElo "2115"]
[PlyCount "81"]
[EventDate "1996.??.??"]
[EventType "swiss"]
[EventRounds "11"]
[EventCountry "YUG"]
[SourceTitle "EXT 2002"]
[Source "ChessBase"]
[SourceDate "2001.11.25"]
[SourceVersion "1"]
[SourceVersionDate "2001.11.25"]
[SourceQuality "1"]

1. e4 c5 2. Nf3 d6 3. d4 cxd4 4. Qxd4 Nc6 5. Bb5 Bd7 6. Bxc6 Bxc6 7. Nc3 Nf6 8. Bg5 e6 9. 0-0-0 Be7 10. Rhe1 0-0 11. Qd2 Qa5 12. Kb1 Qa6 13. Nd4 Rfc8 14. f3 Be8 15. h4 b5 16. g4 Rc5 17. Nce2 h6 18. Be3 Nd7 19. g5 hxg5 20. hxg5 Ne5 21. Ng3 Nc4 22. Qh2 Bxg5 23. Bxg5 Rxg5 24. f4 Rg6 25. Rh1 Rh6 26. Qf2 Kf8 27. Rxh6 gxh6 28. f5 e5 29. Nb3 f6 30. Qh2 Qb7 31. Rg1 Qh7 32. Ne2 a5 33. Nc3 Ra7 34. Nd5 Rg7 35. Rh1 a4 36. Nxf6 Qh8 37. Nd2 h5 38. Nxc4 bxc4 39. Qd2 Re7 40. Qxd6 Qh6 41. Nd7+ 1-0

[Event "Eger Agria op"]
[Site "Eger"]
[Date "1996.??.??"]
[Round "6"]
[White "Prelevic, Mirko"]
[Black "Kis, Jozsef"]
[Result "1/2-1/2"]
[WhiteElo "2080"]
[BlackElo "2205"]
[PlyCount "27"]
[EventDate "1996.07.??"]
[EventType "swiss"]
[EventRounds "9"]
[EventCountry "HUN"]
[SourceTitle "EXT 2004"]
[Source "ChessBase"]
[SourceDate "2003.11.25"]
[SourceVersion "1"]
[SourceVersionDate "2003.11.25"]
[SourceQuality "1"]

1. e4 c5 2. Nf3 Nc6 3. c3 g6 4. d4 cxd4 5. cxd4 Bg7 6. Nc3 d6 7. h3 a6 8. Be3 b5 9. Rc1 Bd7 10. Be2 Qa5 11. a3 Nf6 12. 0-0 0-0 13. e5 Ne8 14. Nd5 1/2-1/2

[Event "Gyongyos op"]
[Site "Gyongyos"]
[Date "1996.??.??"]
[Round "?"]
[White "Prelevic, Mirko"]
[Black "Lengyel, Laszlo"]
[Result "1-0"]
[WhiteElo "2080"]
[BlackElo "2165"]
[PlyCount "101"]
[EventDate "1996.07.??"]
[EventType "swiss"]
[EventRounds "9"]
[EventCountry "HUN"]
[SourceTitle "EXT 2004"]
[Source "ChessBase"]
[SourceDate "2003.11.25"]
[SourceVersion "1"]
[SourceVersionDate "2003.11.25"]
[SourceQuality "1"]

1. e4 g6 2. d4 Bg7 3. Nc3 d6 4. Be3 a6 5. Qd2 b5 6. f3 Bb7 7. Nge2 Nd7 8. g4 c5 9. h4 h5 10. gxh5 Rxh5 11. Ng3 Rh8 12. h5 b4 13. Nce2 e5 14. dxc5 dxc5 15. hxg6 fxg6 16. Rxh8 Bxh8 17. 0-0-0 Qc7 18. Bh3 Ngf6 19. f4 Nb6 20. Be6 Nxe4 21. Nxe4 Bxe4 22. Ng3 exf4 23. Bxf4 Qg7 24. c3 bxc3 25. bxc3 Bc6 26. Bg5 Qxc3+ 27. Qxc3 Bxc3 28. Rd6 Bd7 29. Rxb6 Bxe6 30. Rxe6+ Kf7 31. Rc6 Bd4 32. Ne4 Ra7 33. Nxc5 Bxc5 34. Rxc5 Ke6 35. Be3 Ra8 36. Kc2 Kd7 37. Rd5+ Kc6 38. Rg5 Rg8 39. Bd4 Kb7 40. Kd3 Ka8 41. Ke4 Kb7 42. Kd5 Rd8+ 43. Ke5 Rg8 44. Ke6 Kc6 45. Rc5+ Kb7 46. Kd7 g5 47. Rc7+ Kb8 48. Be5 Ka8 49. Kc6 g4 50. Rd7 g3 51. Kb6 1-0

[Event "Eger Agria op"]
[Site "Eger"]
[Date "1996.??.??"]
[Round "5"]
[White "Sprotte, Norbert"]
[Black "Prelevic, Mirko"]
[Result "1/2-1/2"]
[WhiteElo "2240"]
[BlackElo "2080"]
[PlyCount "30"]
[EventDate "1996.07.??"]
[EventType "swiss"]
[EventRounds "9"]
[EventCountry "HUN"]
[SourceTitle "EXT 2004"]
[Source "ChessBase"]
[SourceDate "2003.11.25"]
[SourceVersion "1"]
[SourceVersionDate "2003.11.25"]
[SourceQuality "1"]

1. d4 d5 2. Nf3 Nf6 3. c4 e6 4. e3 Nbd7 5. Nc3 Bb4 6. Bd2 0-0 7. a3 Bxc3 8. Bxc3 Ne4 9. Qc2 Ndf6 10. Bd3 b6 11. b4 c5 12. 0-0 Nxc3 13. Qxc3 dxc4 14. Qxc4 cxd4 15. Nxd4 Bb7 1/2-1/2

[Event "Gyongyos op"]
[Site "Gyongyos"]
[Date "1996.??.??"]
[Round "?"]
[White "Szekeres, Sandor"]
[Black "Prelevic, Mirko"]
[Result "0-1"]
[WhiteElo "2235"]
[BlackElo "2080"]
[PlyCount "60"]
[EventDate "1996.07.??"]
[EventType "swiss"]
[EventRounds "9"]
[EventCountry "HUN"]
[SourceTitle "EXT 2004"]
[Source "ChessBase"]
[SourceDate "2003.11.25"]
[SourceVersion "1"]
[SourceVersionDate "2003.11.25"]
[SourceQuality "1"]

1. e4 e5 2. Nc3 Nf6 3. f4 d5 4. fxe5 Nxe4 5. d3 Nxc3 6. bxc3 d4 7. Bb2 c5 8. Nf3 Nc6 9. Be2 Be7 10. 0-0 0-0 11. Qe1 h5 12. Kh1 Qd5 13. Qf2 Rd8 14. cxd4 cxd4 15. Nxd4 Nxd4 16. Bxd4 Be6 17. c3 g6 18. Bf3 Qd7 19. Rab1 Bd5 20. Bxd5 Qxd5 21. Rxb7 Qxb7 22. Qxf7+ Kh8 23. e6+ Rxd4 24. cxd4 Rg8 25. Qf4 Ba3 26. d5 Qe7 27. d6 g5 28. Qe5+ Qg7 29. Rf6 Rc8 30. Rf8+ Rxf8 0-1

[Event "YUG-ch sf"]
[Site "Niska Banja"]
[Date "1996.??.??"]
[Round "9"]
[White "Terzic, Goran"]
[Black "Prelevic, Mirko"]
[Result "1-0"]
[WhiteElo "2295"]
[BlackElo "2080"]
[PlyCount "35"]
[EventDate "1996.??.??"]
[EventType "swiss"]
[EventRounds "11"]
[EventCountry "YUG"]
[SourceTitle "EXT 2002"]
[Source "ChessBase"]
[SourceDate "2001.11.25"]
[SourceVersion "1"]
[SourceVersionDate "2001.11.25"]
[SourceQuality "1"]

1. e4 e5 2. Nf3 Nc6 3. d4 exd4 4. Bc4 Nf6 5. e5 d5 6. Bb5 Ne4 7. Nxd4 Bc5 8. Be3 Bd7 9. Bxc6 bxc6 10. Nd2 Nxd2 11. Qxd2 Qe7 12. Nb3 Bb6 13. 0-0 0-0 14. Qc3 Rfe8 15. f4 f6 16. Bc5 fxe5 17. fxe5 Qxe5 18. Rf8+ 1-0

[Event "Gyongyos op"]
[Site "Gyongyos"]
[Date "1996.??.??"]
[Round "?"]
[White "Vereb, Andras"]
[Black "Prelevic, Mirko"]
[Result "1/2-1/2"]
[WhiteElo "2195"]
[BlackElo "2080"]
[PlyCount "21"]
[EventDate "1996.07.??"]
[EventType "swiss"]
[EventRounds "9"]
[EventCountry "HUN"]
[SourceTitle "EXT 2004"]
[Source "ChessBase"]
[SourceDate "2003.11.25"]
[SourceVersion "1"]
[SourceVersionDate "2003.11.25"]
[SourceQuality "1"]

1. e4 e5 2. Nf3 Nc6 3. Bb5 f5 4. d4 fxe4 5. Nxe5 Nxe5 6. dxe5 c6 7. Bc4 Qa5+ 8. Nc3 Qxe5 9. Bxg8 Rxg8 10. 0-0 d5 11. Be3 1/2-1/2